000 00486nmm a2200169Ia 4500
008 251105s9999||||xx |||||||||||||||||und||
020 _a8470305433
041 _aspa
100 _aÁlvarez de Miranda, Ángel
245 0 _aRitos y juegos del toro
264 _a[Madrid, España] :
_bBiblioteca Nueva,
_c1998
300 _a176 páginas
490 _aLa Piel de toro
650 _aFolklore & Popular Culture
856 _uhttps://public.digitaliapublishing.com/a/1999
942 _cCF
999 _c73109
_d73109